000 00529nam a2200145 a 4500
001 000044723
005 20201002045558.0
008 150107s2008 dr abc 000 0 spa d
040 _aDO-SdBNP
_bspa
_cBNPHU
082 _axxxx
_bxxxx
245 0 3 _aLa inversión municipal en niñez y adolescencia :
_baplicación en República Dominicana /
_cedición ; Marsie González.
260 _aSanto Domingo :
_bSave the Children Dominicana,
_c2008.
300 _a36 p. :
_bil., retrs. mapas ;
_c23 cm.
700 1 _aGonzález, Marsie
_eed.
_972717
999 _c44212
_d44212